Région d'Angleterre - Statistiques

Statistiques générales
  • Ce quiz a été pris 286 fois
  • Le résultat moyen est 4 sur 9
Statistiques - réponses
Population (hab.) Superficie (km²) Region % Correct
8 173 941 1 572 Grand Londres
83%
5 846 965 19 120 Angleterre de l'Est
70%
5 283 733 15 420 Yorkshire-et-Humber
45%
4 533 222 15 627 Midlands de l'Est
37%
5 601 847 13 000 Midlands de l'Ouest
37%
8 634 750 19 095 Angleterre du Sud-Est
34%
2 596 886 8 592 Angleterre du Nord-Est
30%
7 052 177 14 165 Angleterre du Nord-Ouest
30%
5 288 935 23 829 Angleterre du Sud-Ouest
30%
Aucun quiz correspondant
Distribution des résultats
% des personnes avec chaque résultat
Percentile par nombre de réponses
Votre historique - résultats
Vous n’avez pas pris ce quiz